000 01045nam a22003017a 4500
001 000648
003 DO-SdBNP
005 20180208113631.0
007 000648
008 161108b 2005 sp a ||||| |||| 00| 0 spa d
020 _a8420448974
040 _aBPMSU
_bspa
_cBPMSU
100 1 _aNöstlinger, Christine,
_d1936-
240 1 0 _aRosalinde hat gedanken im Kopf.
_lEspañol
245 1 0 _aRosalinde tiene ideas en la cabeza /
_cRosalinde tiene ideaChristine Nöstlinger ; ilustraciones de Sofía Balzola ; traducción, María Jesús Ampudia.
250 _a 22ª ed.
260 _aMadrid :
_bAlfaguara,
_c2005.
300 _a93 p. :
_bil.;
_c20 cm.
490 1 _a Alfaguara infantil
500 _aTraducción de: Rosalinde hat gedanken im Kopf
500 _aIncluye datos biográficos de la autora.
700 1 2 _aBalzola, Sofía,
_eil.
700 1 2 _aAmpudia, María Jesús,
_etr.
830 0 _aAlfaguara infantil
942 _2ddc
_cBK
945 _aInventariado, 2018 /LP
956 _2LOPEREZ
_310
_620161108
_8BPMSU
_a00041
999 _c11825
_d11825